Preparing for the 2000 census (Record no. 64789)
[ view plain ]
| 000 -LEADER | |
|---|---|
| fixed length control field | 01504nam a2200337 a 4500 |
| 082 04 - DEWEY DECIMAL CLASSIFICATION NUMBER | |
| Classification number | 304.6/0723 |
| 245 00 - TITLE STATEMENT | |
| Title | Preparing for the 2000 census |
| 260 ## - PUBLICATION, DISTRIBUTION, ETC. (IMPRINT) | |
| Place of publication | Washington, D.C. : |
| Name of publisher | National Academy Press, |
| Year of publication | 1997. |
| 300 ## - PHYSICAL DESCRIPTION | |
| Number of Pages | v, 98 p. |
| 500 ## - GENERAL NOTE | |
| General note | "Panel to Evaluate Alternative Census Methodologies, Committee on National Statistics, Commission on Behavioral and Social Sciences and Education, National Research Council." |
| General note | Appendix includes: Sampling in the 2000 census : interim report I. |
| 700 1# - ADDED ENTRY--PERSONAL NAME | |
| Personal name | White, Andrew A. |
| Personal name | Rust, Keith. |
| 856 40 - ELECTRONIC LOCATION AND ACCESS | |
| Uniform Resource Identifier | http://site.ebrary.com/lib/rucke/Doc?id=10055355 |
No items available.
